I love spiders / (Record no. 9500)

MARC details
000 -LEADER
fixed length control field 01184nam a22002897a 4500
001 - CONTROL NUMBER
control field 9500
003 - CONTROL NUMBER IDENTIFIER
control field FISKH
005 - DATE AND TIME OF LATEST TRANSACTION
control field 20260115124436.0
008 - FIXED-LENGTH DATA ELEMENTS--GENERAL INFORMATION
fixed length control field 260115b cb ||||| |||| 00| 0 eng d
020 ## - INTERNATIONAL STANDARD BOOK NUMBER
International Standard Book Number 9781842368244
040 ## - CATALOGING SOURCE
Original cataloging agency FISKH
Language of cataloging eng
Transcribing agency FISKH
Modifying agency FISKH
050 ## - LIBRARY OF CONGRESS CALL NUMBER
Classification number QL458.P356
082 ## - DEWEY DECIMAL CLASSIFICATION NUMBER
Classification number 545.94
100 ## - MAIN ENTRY--PERSONAL NAME
Personal name Parker, steve
245 ## - TITLE STATEMENT
Title I love spiders /
Statement of responsibility, etc. By Steve Parker : Illustrated by Richard Draper
260 ## - PUBLICATION, DISTRIBUTION, ETC.
Place of publication, distribution, etc. Miles Kelly :
Name of publisher, distributor, etc. Great Bardfield ,
Date of publication, distribution, etc. 2009 .
300 ## - PHYSICAL DESCRIPTION
Extent 24 pages :
Other physical details color illustrations ;
Dimensions 24 X 24 cm .
490 ## - SERIES STATEMENT
Series statement I love
505 ## - FORMATTED CONTENTS NOTE
Formatted contents note G <br/>
520 ## - SUMMARY, ETC.
Summary, etc. Spiders might not be easily lovable, but they certainly are amazing. These eight-legged critters can spin fantastic webs using a thread they produce themselves. Spiders can be almost too small to be seen or as big a human hand-this book introduces some of our most interesting spider species. The fact-filled narrative is complemented by detailed, colorful illustrations.
521 8# - TARGET AUDIENCE NOTE
Target audience note 380 <br/><br/><br/>
Source Lexile <br/>
521 8# - TARGET AUDIENCE NOTE
Target audience note Raz-Plus <br/>
Source Raz-Plus <br/>
650 ## - SUBJECT ADDED ENTRY--TOPICAL TERM
Topical term or geographic name entry element Insects and Spiders
Form subdivision Non-fiction
700 ## - ADDED ENTRY--PERSONAL NAME
Personal name Draper , Richard
Relator term Illustrator
942 ## - ADDED ENTRY ELEMENTS (KOHA)
Source of classification or shelving scheme Dewey Decimal Classification
Koha item type Books
Suppress in OPAC No
Holdings
Withdrawn status Lost status Source of classification or shelving scheme Damaged status Not for loan Collection Home library Current library Shelving location Date acquired Total Checkouts Full call number Barcode Date last seen Price effective from Koha item type
    Dewey Decimal Classification     Non-Fiction Footprints International School Library Network Toul Tom Poung Campus Footprints International School Library Network Toul Tom Poung Campus TTP Primary Dark Blue Bookshelves 01/15/2026   PAR 595.44 QL458.P356 FISBK05455 01/15/2026 01/15/2026 Books